LEADER 01734nam a2200301 u 4500 001 000000044372 003 CaOOAMICUS 005 20070226114537.0 008 990426s1852 it u000 u ita u 035 $a10821329 040 $aPUL(R)$bita 110 1 $aStati pontifici.$0(OLS)http://pul/name/18021 240 10$aLeggi, ecc. (Stati pontifici).$0(OLS)http://pul/title/29842 245 10$aIndice alfabetico semi-analitico delle materie contenute due volumi della Raccolta delle leggi e disposizioni di Pubblica amministrazione emanate nell'ultimo triennio del pontificato della Santa memoria di Gregorio Papa XVI :$bcioè dal 1 gennaio 1844 al 31 maggio 1846. 260 $aRoma :$bNella stamperia della R.C.A.,$c1852. 300 $a37 p. ;$c24 cm 600 04$aGregorius PP.$bXVI,$d1765-1846.$0(OLS)http://pul/subject/5917 850 $aPUL 852 $aPUL$W1$xDP1 Antico 800$y27$m209 B 25$j59730$nBK-PRI$b $qStampati Antico$B59730$CPULBib$Z2$F59730 $H $81 941 1 $a15 960 $aPapi (1831-1846 : Gregorius PP. XVI)$95917 960 $aPapi (1831-1846 : Gregorius PP. XVI)$95917 960 $aGregorio$bXVI,$cpapa,$d1765-1846$95917 960 $aCappellari, Bartolomeo Alberto (Mauro),$d1765-1846$95917 960 $aCappellari, Mauro,$d1765-1846$95917 961 $aINV: 4923 996 $6245$aIndice alfabetico semi-analitico delle materie contenute due volumi della Raccolta delle leggi e disposizioni di Pubblica amministrazione emanate nell'ultimo triennio del pontificato della Santa memoria di Gregorio Papa XVI :$bcioè dal 1 gennaio 1844 al 31 maggio 1846$9(OLS)http://pul/title/59809 996 $6260$aRoma :$bNella stamperia della R.C.A.$9(OLS)http://pul/publisher/65717 LEADER 01808nam a2200301 u 4500 001 000000109488 003 CaOOAMICUS 005 20080206105218.0 008 080206s1914 it u000 u grc u 040 $aPUL(R)$bita$dBc 041 0 $agrc$aita 100 0 $aHomerus,$dsec. VIII a.C.$0(OLS)http://pul/name/7026 240 10$aOdyssea$lGreco.$0(OLS)http://pul/title/137724 245 13$aIl libro VII dell'Odissea /$cOmero ; con note italiane del prof. Salvatore Rossi. 260 $aLivorno :$bRaffaello Giusti,$c1914. 300 $avi, 31 p. ;$c19 cm. 501 $aSta con: Il libro I dell'Odissea / Omero ; con note italiane del prof. Salvatore Rossi -- Il libro II dell'Odissea / Omero ; con note italiane del prof. Gaetano Gigli -- Il libro III dell'Odissea / Omero ; con note italiane del prof. Salvatore Rossi -- Il libro IV dell'Odissea / Omero ; con note italiane del prof. Gaetano Gigli -- Il libro V dell'Odissea / Omero ; con note italiane del prof. Salvatore Rossi -- Il libro VI dell'Odissea / Omero ; con note italiane del prof. Salvatore Rossi -- Il libro VIII dell'Odissea / Omero ; con note italiane del prof. Salvatore Rossi . 700 1 $aRossi, Salvatore.$0(OLS)http://pul/name/37404 700 0 $aHomerus,$dsec. VIII a.C.$tOdyssea.$0(OLS)http://pul/nameTitle/271$0(OLS)http://pul/name/7026$0(OLS)http://pul/title/132000 850 $aPUL 852 $aPUL$W1$xDP1 Cons. Gen., Altre Classi 1$y22$m242 C 14.int.7$j125212$aLibro VII$qStampati$B123942$CPULBib$Z2$F123942 $82 900 $aHomer$97026 900 $aOmero$dsec. VIII a.C.$97026 900 $aHomer$97026 900 $aOmero$dsec. VIII a.C.$97026 941 1 $a8 996 $6245$aIl libro VII dell'Odissea$9(OLS)http://pul/title/137735 996 $6260$aLivorno :$bRaffaello Giusti$9(OLS)http://pul/publisher/72290